The meromorphic continuation and functional equations of cuspidal Eisenstein series for maximal cuspidal groups

Αποθηκεύτηκε σε:
Λεπτομέρειες βιβλιογραφικής εγγραφής
Κύριος συγγραφέας: Wong, Shek-Tung 1956-
Μορφή: Βιβλίο
Γλώσσα:English
Δημοσίευση: Providence, R.I., USA : American Mathematical Society, c1990
Σειρά:Memoirs of the American Mathematical Society ; ; 423
Θέματα:
Ετικέτες: Προσθήκη ετικέτας
Δεν υπάρχουν, Καταχωρήστε ετικέτα πρώτοι!

MARC

LEADER 00000cam a2200000 i 4500
001 1/51059
008 941103s1990 eng d
020 |a 0821824864 
035 |l 10044041 
035 |a 1993 
040 |a GR-MY-UA  |b gre  |e aacr 
041 0 |a eng 
082 0 |a 515.243 
100 1 |a Wong, Shek-Tung  |d 1956- 
245 1 4 |a The meromorphic continuation and functional equations of cuspidal Eisenstein series for maximal cuspidal groups /  |c Shek-Tung Wong 
260 |a Providence, R.I., USA :   |b American Mathematical Society,   |c c1990 
300 |a ix, 210 p.;  |c 26 cm 
490 1 |a Memoirs of the American Mathematical Society  |v ; 423 
500 |a "January 1990, volume 83, number 423 (fifth of 6 numbers)." 
504 |a Includes bibliographical references (p. 204-210) 
650 0 0 |a Eisenstein series. 
650 0 0 |a Automorphic forms. 
650 0 0 |a Decomposition (Mathematics) 
650 0 0 |a Spectral theory (Mathematics) 
830 0 |a Memoirs of the American Mathematical Society ;  |v ; 423 
852 |a INST  |b SAMOS  |e 19941103  |h 515.243 WON  |p 005300002671  |q 005300002671  |t BK  |y 0 
909 |a Σ  |b 030190